000 00212nam a22000857a 4500
008 170626b xxu||||| |||| 00| 0 eng d
100 _93713
_aJha. N. K
245 _aDemocracy nation Building
260 _aNew Delhi
_c2009
999 _c7134
_d7134